| 000 | 00485nam a2200157Ia 4500 | ||
|---|---|---|---|
| 999 |
_c20950 _d20950 |
||
| 003 | OSt | ||
| 005 | 20200618101217.0 | ||
| 008 | 190216s9999||||xx |||||||||||||| ||und|| | ||
| 040 | _coclc | ||
| 082 |
_a954 _bYAS/R |
||
| 100 |
_aYasin, Mohammad _93030 |
||
| 245 | 0 |
_aReading In Indian History / _cMohammad Yasin ; Madhavi Yasin |
|
| 260 |
_bAtlantic Publications & Distributors, _c1988. _aNew Delhi: |
||
| 300 | _a170p | ||
| 942 |
_cBK _2ddc _h954 _iYAS/R _k954 _mYAS/R |
||